000
00262nam a2200097Ia 4500
008
230915s9999 xx 000 0 und d
050
_a
TR897.7.U47
100
_a
KATHERINE ULRICH
245
0
_a
ADOBE FLASH PROFESSIONAL CS5: FOR WINDOWS AND MACINTOSH
942
_c
BK
999
_c
205644
_d
205644